Представление документа в формате RUSMARC

ПолеНазваниеЗначение
  Тип записи a
  Библиографический уровень m
001 Контрольный номер RU/REG73/CBS_GRAD/1/712798639
005 Дата корректировки 20221122154845.3
010 Индекс ISBN __
a ISBN 978-5-04-110217-3
101 Язык документа __
a Язык текста rus
200 Заглавие и сведения об ответственности __
a Заглавие BLACKRINK in your area! Биография самых популярных К-РОР див.
f Первые сведения об ответственности Эдриан Бесли; перевод с английского Д. Ратниковой
b Общее обозначение материала Текст
203 Вид содержания и тип средства __
a Вид содержания Текст (визуальный) : непосредственный
210 Выходные данные __
a Место издания Москва
c Издательство Эксмо
d Дата издания 2020
215 Физическое описание __
a Объем 192 с., ил.
225 Серия __
a Серия К-РОР. Главные книги о корейской культуре
686 Индексы других классификаций __
a Классификационный индекс 85.318
700 Автор __
a Фамилия Бесли
g Полное личное имя Эдриан
801 Источник записи _0
a Страна RU
b Организация RuCBSGrad
g Правила каталогизации PSBO
801 Источник записи _1
a Страна RU
b Организация RuCBSGrad
g Правила каталогизации PSBO
901 Тип документа __
t Тип документа m
981 __
b i
2 isbdcontent
g e
982 __
b n
2 isbdmedia
993 __
a 145808
b 41608
e 288742
f ЦГБ
h 410.30
i 288742
m 1
n 44775
o I
x 1
y 6